| 000 | 00935nam a22002897a 4500 | ||
|---|---|---|---|
| 001 | 9792 | ||
| 003 | FISKH | ||
| 005 | 20260225085511.0 | ||
| 008 | 260225b cb ||||| |||| 00| 0 eng d | ||
| 020 | _a1880892588 | ||
| 040 |
_aFISKH _beng _cFISKH _dFISKH |
||
| 050 | _aPZ7 | ||
| 082 | _a428 | ||
| 100 |
_aNichols, Yuriko _eAuthor |
||
| 245 |
_aWhat a rule : _bSuccessful reading for beginners / _cWritten by Yuriko Nichols ; Illustrations by Ron Wheeler |
||
| 260 |
_aMelrose : _bCommon Sense Press , _c1998 |
||
| 300 |
_a10 pages : _billustrations ; _c14 X 21 cm . |
||
| 490 |
_aLong vowel reader _vBook 10 |
||
| 505 | _aE | ||
| 520 | _aThese 28 readers go along with Learning Language Arts Through Literature, Grade 1. | ||
| 521 | 8 |
_a200
_bLexile estimate |
|
| 521 | 8 |
_aE
_bRaz-Plus |
|
| 650 |
_aVowel book _vEarly readers |
||
| 700 |
_aWheeler, Ron _eIllustrator |
||
| 942 |
_2ddc _cBK _n0 |
||
| 999 |
_c9792 _d9792 |
||